| Tag |
First Indicator |
Second Indicator |
Subfields |
| LEADER |
00000cam a2200000 a 4500 |
| 001 |
in00002735708 |
| 005 |
20211120163254.0 |
| 006 |
m d f |
| 007 |
cr cn||||||||| |
| 008 |
110930s2008 dcuab o f000 0 eng c |
| 035 |
|
|
|a (OCoLC)ocn755097060
|
| 040 |
|
|
|a GPO
|c GPO
|d MvI
|d UtOrBLW
|
| 042 |
|
|
|a pcc
|
| 043 |
|
|
|a n-usu--
|
| 049 |
|
|
|a WWW
|
| 074 |
|
|
|a 0520-B-32 (online)
|
| 086 |
0 |
|
|a HS 1.22:08-86
|
| 088 |
|
|
|a OIG-08-86
|
| 110 |
1 |
|
|a United States.
|b Department of Homeland Security.
|b Office of Inspector General.
|
| 245 |
1 |
0 |
|a Costs incurred for rejected temporary housing sites.
|
| 264 |
|
1 |
|a Washington, DC :
|b U.S. Dept. of Homeland Security, Office of Inspector General,
|c [2008]
|
| 300 |
|
|
|a 1 online resource (31 unnumbered pages) :
|b color illustrations, color map.
|
| 336 |
|
|
|a text
|b txt
|2 rdacontent
|
| 337 |
|
|
|a computer
|b c
|2 rdamedia
|
| 338 |
|
|
|a online resource
|b cr
|2 rdacarrier
|
| 500 |
|
|
|a Title from title screen (viewed on Sept. 30, 2011).
|
| 500 |
|
|
|a "August 2008."
|
| 500 |
|
|
|a "OIG-08-86."
|
| 500 |
|
|
|a Electronic resource.
|
| 610 |
1 |
0 |
|a United States.
|b Federal Emergency Management Agency
|x Appropriations and expenditures
|x Auditing.
|
| 650 |
|
0 |
|a Emergency housing
|z Gulf States
|x Management
|x Evaluation.
|
| 650 |
|
0 |
|a Public contracts
|z United States
|x Management
|x Evaluation.
|
| 856 |
4 |
0 |
|u https://purl.fdlp.gov/GPO/gpo13490
|t 0
|
| 999 |
|
|
|a MARS
|
| 999 |
f |
f |
|s 2b462614-40ca-3e8e-8660-595fa7b26f12
|i 737a8b7b-4ea0-3f60-a09d-94eb2f055ec1
|t 0
|
| 952 |
f |
f |
|a Texas A&M University
|b College Station
|c Electronic Resources
|d Available Online
|t 0
|e HS 1.22:08-86
|h Superintendent of Documents classification
|
| 998 |
f |
f |
|a HS 1.22:08-86
|t 0
|l Available Online
|